000 00212nam a22000857a 4500
008 161213b xxu||||| |||| 00| 0 eng d
100 _92030
_aJain
245 _aScience with Lab-6
260 _aNew Delhi
_bPrachi.Ltd
_c2015
999 _c4906
_d4906